[Event "IV Open A"]
[Site "Omegna ITA"]
[Date "2016.08.06"]
[Round "3"]
[White "Benenati, Gianfranco"]
[Black "Barletta, Mauro"]
[WhiteElo "1817"]
[BlackElo "2147"]
[Result "0-1"]
[PlyCount "66"]
[EventDate "2016.08.05"]

1. e4 e6 2. d4 d5 3. e5 c5 4. c3 Nc6 5. Nf3 Bd7 6. Be2 f6 7. exf6 Nxf6 8. O-O
Bd6 9. dxc5 Bxc5 10. b4 Bd6 11. b5 Na5 12. Ba3 Bxa3 13. Nxa3 Qe7 14. Nc2 Rc8
15. Qd2 Ne4 16. Qd4 Nxc3 17. Bd3 b6 18. a4 Nb3 19. Qe5 Nxa1 20. Rxa1 Qf6 21.
Qxf6 gxf6 22. Ne3 Kf7 23. g4 e5 24. Bf5 Bxf5 25. Nxf5 Ke6 26. Re1 Ne4 27. N3h4
Rc4 28. f3 Ng5 29. Kg2 Rhc8 30. Ng7+ Kf7 31. Nhf5 Rc2+ 32. Kg3 R8c3 33. Rf1 e4
0-1

[Event "IV Open A"]
[Site "Omegna ITA"]
[Date "2016.08.06"]
[Round "3"]
[White "Brugo, Marco"]
[Black "Mantovan, Giuseppe"]
[WhiteElo "2053"]
[BlackElo "1824"]
[Result "1/2-1/2"]
[PlyCount "68"]
[EventDate "2016.08.05"]

1. d4 d5 2. c4 e5 3. dxe5 d4 4. Nf3 Nc6 5. a3 Nge7 6. b4 Ng6 7. Bb2 a5 8. b5
Ncxe5 9. Qxd4 Qxd4 10. Bxd4 Nxc4 11. e3 Nd6 12. Be2 Bd7 13. a4 Nf5 14. Bc3 c6
15. O-O Rc8 16. Bxa5 Be7 17. Bc3 O-O 18. b6 Bc5 19. a5 Nfe7 20. Rc1 Nd5 21. Be1
Be7 22. Nc3 Bf6 23. Nd4 Rfe8 24. Bf3 Nb4 25. Ne4 Bxd4 26. exd4 Nd3 27. Nd6 Nxe1
28. Rxe1 Rxe1+ 29. Rxe1 Rb8 30. d5 c5 31. Rc1 Ne5 32. Rxc5 Bh3 33. Rc7 Rd8 34.
Rxb7 h6 1/2-1/2

[Event "IV Open A"]
[Site "Omegna ITA"]
[Date "2016.08.06"]
[Round "3"]
[White "Coppola, Federico"]
[Black "Sala, Tiziano Paolo"]
[WhiteElo "2005"]
[BlackElo "1819"]
[Result "1-0"]
[PlyCount "85"]
[EventDate "2016.08.05"]

1. Nf3 d5 2. g3 Nf6 3. Bg2 Bf5 4. c4 c6 5. Qb3 Qc8 6. cxd5 cxd5 7. O-O Nc6 8.
Nc3 e6 9. d3 Be7 10. Bf4 Nh5 11. Bd2 O-O 12. Rac1 h6 13. e4 dxe4 14. dxe4 Bh7
15. e5 g5 16. Nb5 Qb8 17. Rfe1 a6 18. Nbd4 Ng7 19. Nxc6 bxc6 20. Nd4 Qxb3 21.
Nxb3 f5 22. exf6 Bxf6 23. Bc3 Rac8 24. Bxf6 Rxf6 25. Rxc6 Rxc6 26. Bxc6 Bd3 27.
Nc5 Bb5 28. Bxb5 axb5 29. Re4 Kf7 30. Rb4 Kg6 31. Rxb5 Nf5 32. Nd7 Nd4 33. Nxf6
Nxb5 34. Ne4 Kf5 35. a4 Nd4 36. Nd6+ Ke5 37. Nf7+ Ke4 38. Nxh6 Nf3+ 39. Kg2
Ne1+ 40. Kf1 Nd3 41. a5 Nxb2 42. a6 Nc4 43. Nf7 1-0

[Event "IV Open A"]
[Site "Omegna ITA"]
[Date "2016.08.06"]
[Round "3"]
[White "Lanzani, Mario"]
[Black "Dobboletta, Alex"]
[WhiteElo "2292"]
[BlackElo "2018"]
[Result "1/2-1/2"]
[PlyCount "68"]
[EventDate "2016.08.05"]

1. c4 g6 2. Nc3 Bg7 3. Nf3 c5 4. e3 Nc6 5. d4 d6 6. d5 Ne5 7. Nd2 Nf6 8. Be2
O-O 9. f4 Neg4 10. Nf3 e6 11. h3 Nh6 12. g4 Ne8 13. O-O exd5 14. cxd5 f5 15. g5
Nf7 16. h4 h5 17. a4 Nc7 18. Bc4 Bd7 19. Qd3 b6 20. Rb1 a6 21. b4 b5 22. axb5
axb5 23. Nxb5 Nxb5 24. Bxb5 Bxb5 25. Qxb5 Rb8 26. Qc4 Rxb4 27. Rxb4 cxb4 28.
Nd4 Qa8 29. Nc6 Nd8 30. Nxb4 Nb7 31. Qa6 Bc3 32. Qxa8 Rxa8 33. Nc2 Ra2 34. Na3
Bb4 1/2-1/2

[Event "IV Open A"]
[Site "Omegna ITA"]
[Date "2016.08.06"]
[Round "3"]
[White "Mattavelli, Italo"]
[Black "Buonanno, Raffaele"]
[WhiteElo "1784"]
[BlackElo "1966"]
[Result "0-1"]
[PlyCount "66"]
[EventDate "2016.08.05"]

1. e4 d6 2. d4 Nf6 3. Bd3 g6 4. Nf3 Bg7 5. O-O O-O 6. c3 b6 7. Re1 Bb7 8. e5
dxe5 9. Nxe5 Nbd7 10. Nxd7 Qxd7 11. Na3 Rad8 12. Bb5 Qd5 13. f3 a6 14. Bc4 Qd6
15. Be3 b5 16. Bf1 h6 17. Nc2 Nd5 18. Bf2 Rfe8 19. Ne3 e5 20. Nxd5 Bxd5 21.
dxe5 Bxe5 22. h3 Qf6 23. Qc2 Qf4 24. Rxe5 Rxe5 25. Bd4 Re6 26. a4 c6 27. axb5
axb5 28. Ra7 Rde8 29. Bf2 Bc4 30. b3 Bxf1 31. Kxf1 Qh2 32. Bd4 Re1+ 33. Kf2 Rg1
0-1

[Event "IV Open A"]
[Site "Omegna ITA"]
[Date "2016.08.06"]
[Round "3"]
[White "Pasquotto, Mirko"]
[Black "Tolibayev, Timur"]
[WhiteElo "1844"]
[BlackElo "2096"]
[Result "1-0"]
[PlyCount "200"]
[EventDate "2016.08.05"]

1. Nf3 d5 2. c4 e6 3. g3 Nf6 4. Bg2 Be7 5. O-O O-O 6. b3 b6 7. Bb2 Nbd7 8. d3
Bb7 9. Nbd2 c5 10. e3 Qc7 11. d4 Rac8 12. Rc1 Qb8 13. Ne5 cxd4 14. exd4 dxc4
15. Ndxc4 Bxg2 16. Kxg2 Qb7+ 17. Qf3 Nd5 18. Nxd7 Qxd7 19. a3 Bf6 20. Qe4 Rfd8
21. f4 Ne7 22. Ne5 Bxe5 23. fxe5 Rxc1 24. Rxc1 Rc8 25. Rc2 Rxc2+ 26. Qxc2 Qd5+
27. Kg1 Nc6 28. Qc4 Qd7 29. b4 h6 30. Kf2 Ne7 31. h4 h5 32. Qe2 g6 33. Qc4 Qc6
34. Qxc6 Nxc6 35. Ke3 b5 36. Ke4 Ne7 37. Bc1 Kf8 38. Bg5 Nd5 39. Bd2 Ke8 40.
Kf3 Kd7 41. g4 Kc6 42. gxh5 gxh5 43. Ke4 Kd7 44. Kf3 Ke8 45. Ke4 Kf8 46. Bh6+
Kg8 47. Bd2 Kh7 48. Be1 Kg6 49. Bd2 Kg7 50. Be1 Kh7 51. Bd2 Kg6 52. Be1 a6 53.
Bd2 Nb6 54. Kf4 Nc4 55. Bc1 f5 56. exf6 Kxf6 57. Ke4 Nd6+ 58. Kd3 Kf5 59. Bg5
Nc4 60. Bc1 Kg4 61. Bg5 Nxa3 62. Ke4 Nc2 63. Be7 Ne1 64. Bf6 Nf3 65. Be7 Nxh4
66. Bxh4 Kxh4 67. Ke5 Kg3 68. Kxe6 h4 69. d5 h3 70. d6 h2 71. d7 h1=Q 72. d8=Q
Qe1+ 73. Kf7 Qxb4 74. Qd3+ Kf4 75. Qf1+ Ke4 76. Qg2+ Kd4 77. Qg4+ Kc3 78. Qf3+
Kc2 79. Qe2+ Kb3 80. Qd3+ Ka4 81. Kf6 a5 82. Qc2+ Qb3 83. Qe4+ Qc4 84. Qe8 Kb3
85. Qd8 a4 86. Qd1+ Qc2 87. Qd5+ Ka3 88. Qd6+ b4 89. Kg5 Qc3 90. Qe7 Qd2+ 91.
Kg4 Ka2 92. Qe6+ b3 93. Qa6 a3 94. Qe6 Qc2 95. Qd5 Ka1 96. Qd4+ b2 97. Qe5 Ka2
98. Qe6+ Qb3 99. Qe2 Qc3 100. Qf2 Ka1 1-0

[Event "IV Open A"]
[Site "Omegna ITA"]
[Date "2016.08.06"]
[Round "3"]
[White "Quirico, Paolo"]
[Black "Fattorelli, Luciano"]
[WhiteElo "2120"]
[BlackElo "1859"]
[Result "1/2-1/2"]
[PlyCount "30"]
[EventDate "2016.08.05"]

1. d4 Nf6 2. Bg5 d6 3. Bxf6 gxf6 4. e3 a6 5. g3 c6 6. c3 d5 7. Bg2 e6 8. Ne2
Qc7 9. Nd2 Nd7 10. a4 Be7 11. Nf4 f5 12. Nd3 b6 13. Qc2 Qd6 14. Rc1 O-O 15. b4
Qc7 1/2-1/2

[Event "IV Open A"]
[Site "Omegna ITA"]
[Date "2016.08.06"]
[Round "3"]
[White "Rifai, Abdulkader"]
[Black "Montilli, Vincenzo"]
[WhiteElo "2194"]
[BlackElo "2270"]
[Result "0-1"]
[PlyCount "144"]
[EventDate "2016.08.05"]

1. e4 e6 2. d4 d5 3. Nc3 Nf6 4. Bg5 Be7 5. Bxf6 Bxf6 6. e5 Be7 7. Qg4 O-O 8.
O-O-O c5 9. Nf3 c4 10. h4 f5 11. Qg3 Nc6 12. h5 b5 13. h6 g6 14. Nxb5 Qa5 15.
Nc3 Rb8 16. Nh4 Kh8 17. Rh3 Qb4 18. b3 cxb3 19. axb3 Nxd4 20. Nb1 Nc6 21. Bd3
Qg4 22. Qh2 Bg5+ 23. Nd2 Bf4 24. g3 Bxd2+ 25. Kxd2 Qd4 26. Kc1 Qa1+ 27. Kd2
Qxe5 28. f4 Qb2 29. Qf2 Bd7 30. Qc5 Nb4 31. Nf3 Qf6 32. Ne5 Rfd8 33. Qxa7 Be8
34. Rdh1 Kg8 35. Qd4 Qe7 36. Ra1 Ra8 37. Rhh1 Nc6 38. Nxc6 Bxc6 39. Rhe1 Bd7
40. b4 Qf8 41. b5 Qxh6 42. b6 Qf8 43. b7 Rab8 44. Qb6 Qe7 45. c3 Be8 46. Ba6
Kf7 47. Ra5 Rd6 48. Qd4 Qf6 49. Qc5 Rc6 50. Qd4 Qxd4+ 51. cxd4 Ke7 52. Bb5 Rb6
53. Bxe8 Rxe8 54. Rxd5 Rxb7 55. Rde5 Kf7 56. Rh1 h5 57. Rc1 Rd7 58. Ke3 Red8
59. Rc6 Rd6 60. Rc7+ R8d7 61. Rc4 Rd5 62. Ra4 Kf6 63. Ra6 R5d6 64. Ra4 g5 65.
Rb5 gxf4+ 66. gxf4 h4 67. Rb1 Rg7 68. Rh1 Rg3+ 69. Kf2 Rg4 70. Kf3 Rb6 71. d5
Rg3+ 72. Kf2 Rb2+ 0-1

[Event "IV Open A"]
[Site "Omegna ITA"]
[Date "2016.08.06"]
[Round "3"]
[White "Temi, Walter"]
[Black "Vecchione, Anna Pia"]
[WhiteElo "2089"]
[BlackElo "1840"]
[Result "1/2-1/2"]
[PlyCount "22"]
[EventDate "2016.08.05"]

1. e4 c5 2. Nf3 e6 3. d3 d5 4. Nbd2 Nf6 5. g3 b6 6. e5 Nfd7 7. b3 Nc6 8. Bb2
Be7 9. Bh3 Bb7 10. a3 d4 11. O-O Ndxe5 1/2-1/2

[Event "IV Open A"]
[Site "Omegna ITA"]
[Date "2016.08.06"]
[Round "3"]
[White "Tripi, Nicolo'"]
[Black "Del Nevo, Claudio"]
[WhiteElo "1985"]
[BlackElo "1807"]
[Result "1-0"]
[PlyCount "107"]
[EventDate "2016.08.05"]

1. Nf3 d6 2. g3 Nf6 3. Bg2 g6 4. O-O Bg7 5. d4 c6 6. c4 O-O 7. Nc3 Qc7 8. e4
Nbd7 9. h3 a6 10. Be3 Rb8 11. Rc1 e5 12. dxe5 Nxe5 13. Nxe5 dxe5 14. b4 Be6 15.
Qe2 Rbd8 16. c5 Rd7 17. Rfd1 Rfd8 18. Rxd7 Rxd7 19. Na4 Qd8 20. Nb6 Rd3 21. Rc2
Nh5 22. Rd2 Rxd2 23. Bxd2 Bxa2 24. Bc3 Be6 25. Qb2 f6 26. Kh2 Qd3 27. Qd2 Qxd2
28. Bxd2 Bf8 29. Be3 Be7 30. Bf1 Ng7 31. Bc4 Kf7 32. Kg2 Bd8 33. Bxe6+ Nxe6 34.
Nc4 Bc7 35. Kf1 Ke7 36. Ke2 Kd7 37. Kd3 f5 38. f3 f4 39. gxf4 exf4 40. Bd2 Ng5
41. e5 Nxh3 42. Ke4 g5 43. Kf5 h5 44. e6+ Ke7 45. Bc3 g4 46. Bf6+ Kf8 47. e7+
Ke8 48. Nd6+ Bxd6 49. cxd6 Kd7 50. fxg4 f3 51. Bh4 hxg4 52. Kf6 Ke8 53. d7+
Kxd7 54. Kf7 1-0

[Event "IV Open A"]
[Site "Omegna ITA"]
[Date "2016.08.06"]
[Round "3"]
[White "Valtemara, Mattia Angelo"]
[Black "Tripodi, Enzo"]
[WhiteElo "1775"]
[BlackElo "1896"]
[Result "1-0"]
[PlyCount "41"]
[EventDate "2016.08.05"]

1. e4 c5 2. Nf3 d6 3. d4 cxd4 4. Nxd4 Nf6 5. Nc3 a6 6. f3 e5 7. Nb3 Be7 8. Be3
Be6 9. Qd2 O-O 10. g4 b5 11. O-O-O Nbd7 12. g5 Nh5 13. Be2 Nf4 14. h4 Nxe2+ 15.
Qxe2 Qc7 16. h5 g6 17. Qh2 Rfc8 18. hxg6 fxg6 19. Qxh7+ Kf8 20. Qxg6 Qc4 21.
Na5 1-0

[Event "IV Open A"]
[Site "Omegna ITA"]
[Date "2016.08.06"]
[Round "3"]
[White "Vincenzi, Marco"]
[Black "Tortora, Franco"]
[WhiteElo "2149"]
[BlackElo "1860"]
[Result "1/2-1/2"]
[PlyCount "76"]
[EventDate "2016.08.05"]

1. d4 Nf6 2. c4 c5 3. d5 b5 4. cxb5 a6 5. b6 e6 6. Nc3 exd5 7. Nxd5 Nxd5 8.
Qxd5 Nc6 9. Bg5 Be7 10. Bxe7 Qxe7 11. Nf3 Rb8 12. e3 Rxb6 13. Qd2 O-O 14. Be2
Qf6 15. Rb1 Nb4 16. a3 Rd6 17. Qc1 Nd3+ 18. Bxd3 Rxd3 19. Qxc5 Bb7 20. Qg5 Qxg5
21. Nxg5 Bxg2 22. Rg1 Bc6 23. Nh3 Rb3 24. Rg5 Rfb8 25. Ra5 R8b6 26. Nf4 Bb7 27.
Ne2 Rxb2 28. Rxb2 Rxb2 29. Nd4 Rb6 30. Rc5 g6 31. Rc7 Bc6 32. h4 Kg7 33. f3 Ba4
34. Kf2 Rb2+ 35. Kg3 Rb1 36. Ra7 Rb6 37. Rc7 Rb1 38. Ra7 Rb6 1/2-1/2

[Event "IV Open A"]
[Site "Omegna ITA"]
[Date "2016.08.07"]
[Round "4"]
[White "Barletta, Mauro"]
[Black "Rifai, Abdulkader"]
[WhiteElo "2147"]
[BlackElo "2194"]
[Result "1/2-1/2"]
[PlyCount "77"]
[EventDate "2016.08.05"]

1. d4 d5 2. Bg5 h6 3. Bh4 g5 4. Bg3 Bg7 5. e3 c5 6. Nc3 cxd4 7. exd4 Nc6 8. Nb5
f5 9. Nc7+ Kf8 10. Nxa8 f4 11. Nf3 fxg3 12. hxg3 Bg4 13. c3 Qxa8 14. Qb3 e6 15.
O-O-O Nge7 16. Be2 Bf5 17. Rhe1 Kf7 18. g4 Bg6 19. Bd3 Re8 20. Kb1 Qb8 21. g3
b5 22. Qc2 b4 23. Bxg6+ Nxg6 24. c4 Qd8 25. Re3 Na5 26. cxd5 Qxd5 27. Ne5+ Bxe5
28. dxe5 Qc6 29. Qxc6 Nxc6 30. f4 Nge7 31. Rd7 Rf8 32. Re4 a5 33. Rc4 Ke8 34.
Rd6 Nd8 35. Rcd4 Ndc6 36. Rc4 Nd8 37. Rcd4 Nec6 38. Rc4 Ne7 39. Rcd4 1/2-1/2

[Event "IV Open A"]
[Site "Omegna ITA"]
[Date "2016.08.07"]
[Round "4"]
[White "Buonanno, Raffaele"]
[Black "Bardi, Massimo"]
[WhiteElo "1966"]
[BlackElo "1953"]
[Result "0-1"]
[PlyCount "38"]
[EventDate "2016.08.05"]

1. d4 d5 2. c4 e6 3. Nc3 c5 4. cxd5 cxd4 5. Qxd4 Nc6 6. Qd1 exd5 7. Qxd5 Bd6 8.
Nf3 Nf6 9. Qd1 O-O 10. g3 Qe7 11. Bg5 Rd8 12. Bxf6 Qxf6 13. Qb1 Bf5 14. Qc1 Nb4
15. Bg2 Nc2+ 16. Kf1 Nxa1 17. Qxa1 Bb4 18. Nd1 Rac8 19. Ne3 Qc6 0-1

[Event "IV Open A"]
[Site "Omegna ITA"]
[Date "2016.08.07"]
[Round "4"]
[White "Dobboletta, Alex"]
[Black "Ferretti, Folco"]
[WhiteElo "2018"]
[BlackElo "2223"]
[Result "1/2-1/2"]
[PlyCount "70"]
[EventDate "2016.08.05"]

1. c4 Nf6 2. Nc3 c5 3. e4 Nc6 4. g3 d6 5. Bg2 g6 6. Nge2 Bg7 7. O-O O-O 8. Rb1
Ne8 9. a3 a5 10. Nb5 Nc7 11. Nxc7 Qxc7 12. b3 Nd4 13. Nxd4 Bxd4 14. Bb2 Bxb2
15. Rxb2 e5 16. f4 Qe7 17. f5 f6 18. h4 Bd7 19. a4 Rf7 20. g4 Qf8 21. Kh2 Qh6
22. Kh3 Kh8 23. Bf3 Rg8 24. d3 Rfg7 25. Qd2 Qxd2 26. Rxd2 h5 27. Rff2 hxg4+ 28.
Bxg4 Rh7 29. fxg6 Bxg4+ 30. Kxg4 Rxg6+ 31. Kf5 Rgg7 32. Rg2 Rxg2 33. Rxg2 Rf7
34. Kg4 Rg7+ 35. Kf3 Rh7 1/2-1/2

[Event "IV Open A"]
[Site "Omegna ITA"]
[Date "2016.08.07"]
[Round "4"]
[White "Mina, Marco"]
[Black "Del Nevo, Claudio"]
[WhiteElo "2057"]
[BlackElo "1807"]
[Result "1-0"]
[PlyCount "89"]
[EventDate "2016.08.05"]

1. e4 d6 2. d4 Nf6 3. Nc3 c6 4. f4 g6 5. Nf3 Bg7 6. Bd3 O-O 7. O-O b5 8. e5
dxe5 9. fxe5 Nd5 10. Qe1 Nb4 11. Be4 f5 12. exf6 exf6 13. a3 N4a6 14. Be3 f5
15. Bd3 Re8 16. Qf2 Bb7 17. d5 Nc7 18. dxc6 Bxc6 19. Rad1 Nd7 20. Nd4 Qf6 21.
Nxc6 Qxc6 22. Be4 Rxe4 23. Nxe4 Ne5 24. Nc3 a6 25. h3 Ne6 26. Nd5 Re8 27. c3
Nc4 28. Rfe1 Kf7 29. Bc1 Nd6 30. Qa7+ Qb7 31. Qxb7+ Nxb7 32. Nc7 Rd8 33. Nxe6
Rxd1 34. Ng5+ Kf6 35. Rxd1 h6 36. Nf3 g5 37. Be3 Bf8 38. b4 f4 39. Bd4+ Kf5 40.
a4 h5 41. axb5 axb5 42. Re1 g4 43. Re5+ Kg6 44. Nh4+ Kf6 45. Rxb5+ 1-0

[Event "IV Open A"]
[Site "Omegna ITA"]
[Date "2016.08.07"]
[Round "4"]
[White "Montilli, Vincenzo"]
[Black "Vezzosi, Paolo"]
[WhiteElo "2270"]
[BlackElo "2340"]
[Result "1/2-1/2"]
[PlyCount "124"]
[EventDate "2016.08.05"]

1. Nf3 c5 2. c4 Nf6 3. g3 Nc6 4. Bg2 d5 5. cxd5 Nxd5 6. Nc3 Nc7 7. O-O e5 8. b3
f6 9. Bb2 Be7 10. Rc1 O-O 11. Ne1 Bd7 12. Nd3 Rc8 13. f4 exf4 14. Nxf4 b6 15.
e3 Bd6 16. Ncd5 Qe8 17. Nxc7 Bxc7 18. Nd5 Be5 19. d4 cxd4 20. exd4 Bd6 21. Qd2
Qg6 22. Nf4 Qh6 23. a3 Ne7 24. Qd3 Ng6 25. Bd5+ Kh8 26. Rxc8 Rxc8 27. Ne2 Qh5
28. Bf3 Qb5 29. Be4 Qxd3 30. Bxd3 Be6 31. Rc1 Rxc1+ 32. Nxc1 Kg8 33. Kf2 Kf7
34. Bc4 Ne7 35. Ne2 b5 36. Bxb5 Bxb3 37. Ke3 g5 38. Kd3 f5 39. Bc1 Kg6 40. a4
Nd5 41. Bd2 Nb4+ 42. Kc3 Bd1 43. Be3 Nd5+ 44. Kd3 Nxe3 45. Kxe3 Bb4 46. Nc1 Kf6
47. Nd3 Bd6 48. Bc6 h5 49. a5 Bb3 50. a6 Bc4 51. Bb7 Bb5 52. Ne1 f4+ 53. Kf2
fxg3+ 54. hxg3 h4 55. Ng2 Kg6 56. Ne3 Ba3 57. Ng2 Bb2 58. Ke3 Ba3 59. Kf2 Bc1
60. Bc8 Bb2 61. Ke3 Bc1+ 62. Kf2 Bb2 1/2-1/2

[Event "IV Open A"]
[Site "Omegna ITA"]
[Date "2016.08.07"]
[Round "4"]
[White "Pasquotto, Mirko"]
[Black "Valtemara, Mattia Angelo"]
[WhiteElo "1844"]
[BlackElo "1775"]
[Result "1/2-1/2"]
[PlyCount "96"]
[EventDate "2016.08.05"]

1. Nf3 Nf6 2. c4 c6 3. g3 d5 4. Bg2 dxc4 5. Qc2 Bg4 6. Qxc4 e6 7. O-O Be7 8. b3
O-O 9. Bb2 Bh5 10. d3 Nbd7 11. Nbd2 Rc8 12. Qc2 Qc7 13. Rac1 Rfd8 14. Nc4 Bg6
15. Nfe5 Nxe5 16. Nxe5 Nd5 17. Nxg6 hxg6 18. a3 Bf6 19. d4 Rd7 20. Rfd1 Nb6 21.
b4 Rcd8 22. e3 Qb8 23. a4 Nd5 24. Qb3 Nc7 25. Rc2 e5 26. Rcd2 exd4 27. Bxd4
Bxd4 28. Rxd4 Rxd4 29. Rxd4 Rxd4 30. exd4 Qd8 31. Qc4 Nd5 32. Bxd5 cxd5 33. Qc5
b6 34. a5 f6 35. axb6 axb6 36. Qc6 Kh7 37. b5 Kg8 38. Kg2 Kh7 39. Qe6 Kh8 40.
f4 Kh7 41. f5 gxf5 42. Qxf5+ g6 43. Qe6 Kg7 44. Qc6 f5 45. h4 Kf7 46. Qb7+ Kf6
47. Kh3 Qd6 48. Qh7 Qe6 1/2-1/2

[Event "IV Open A"]
[Site "Omegna ITA"]
[Date "2016.08.07"]
[Round "4"]
[White "Sala, Tiziano Paolo"]
[Black "Tripi, Nicolo'"]
[WhiteElo "1819"]
[BlackElo "1985"]
[Result "1/2-1/2"]
[PlyCount "108"]
[EventDate "2016.08.05"]

1. Nf3 Nf6 2. g3 g6 3. b3 Bg7 4. Bb2 O-O 5. Bg2 c5 6. c4 Nc6 7. O-O e6 8. d4
Nxd4 9. Nxd4 cxd4 10. Bxd4 d5 11. cxd5 exd5 12. Nc3 Be6 13. Qd2 Qa5 14. Rfd1
Rfd8 15. Qb2 Ne8 16. Bxg7 Nxg7 17. b4 Qb6 18. Nxd5 Bxd5 19. Rxd5 Rxd5 20. Bxd5
Re8 21. e4 Ne6 22. Bxe6 Qxe6 23. Re1 Rc8 24. a3 Rc4 25. Rd1 Qc8 26. e5 Qc7 27.
Rd6 Rc3 28. Rd8+ Kg7 29. Rd5 Rc1+ 30. Kg2 Qc3 31. Qxc3 Rxc3 32. Ra5 a6 33. f4
Rc2+ 34. Kh3 Kf8 35. g4 Ke7 36. Kg3 Rc3+ 37. Kg2 Ke6 38. h4 h5 39. f5+ gxf5 40.
gxh5 Rc4 41. Kh3 Rc3+ 42. Kg2 Rc4 43. Kh3 Rc3+ 44. Kg2 Rc8 45. Rc5 Rh8 46. Rc7
Rxh5 47. Rxb7 Rxh4 48. Rb6+ Kxe5 49. Rxa6 Rc4 50. b5 Kd5 51. Rf6 Rc2+ 52. Kf3
Rc3+ 53. Kf4 Rxa3 54. Rxf5+ Kc4 1/2-1/2

[Event "IV Open A"]
[Site "Omegna ITA"]
[Date "2016.08.07"]
[Round "4"]
[White "Tolibayev, Timur"]
[Black "Lanzani, Mario"]
[WhiteElo "2096"]
[BlackElo "2292"]
[Result "1/2-1/2"]
[PlyCount "74"]
[EventDate "2016.08.05"]

1. e3 Nf6 2. d4 d5 3. Nf3 g6 4. Be2 Bg7 5. O-O O-O 6. b3 c5 7. Bb2 cxd4 8. Nxd4
e5 9. Nf3 e4 10. Nd4 Nc6 11. Nxc6 bxc6 12. c4 Be6 13. cxd5 cxd5 14. Bd4 Nd7 15.
Bxg7 Kxg7 16. Nc3 Qg5 17. Kh1 Qe5 18. Rc1 a6 19. Qd2 Nf6 20. Na4 h5 21. Qc3
Qxc3 22. Rxc3 Bg4 23. f3 exf3 24. gxf3 Bh3 25. Rd1 Rfc8 26. Kg1 Rxc3 27. Nxc3
Rc8 28. Nxd5 Nxd5 29. Rxd5 Rc2 30. Kf2 Rxa2 31. b4 Be6 32. Rd4 Kf8 33. h4 Ke7
34. Ke1 Ra1+ 35. Kf2 Ra2 36. Ke1 Ra1+ 37. Kf2 Ra2 1/2-1/2

[Event "IV Open A"]
[Site "Omegna ITA"]
[Date "2016.08.07"]
[Round "4"]
[White "Tortora, Franco"]
[Black "Benenati, Gianfranco"]
[WhiteElo "1860"]
[BlackElo "1817"]
[Result "1/2-1/2"]
[PlyCount "82"]
[EventDate "2016.08.05"]

1. d4 Nf6 2. c4 g6 3. Nc3 Bg7 4. e4 d6 5. Nge2 c6 6. Ng3 Nbd7 7. Be2 O-O 8. O-O
e5 9. d5 cxd5 10. cxd5 a5 11. Be3 b6 12. a3 Nc5 13. b4 Ncd7 14. Qd2 Ba6 15.
Bxa6 Rxa6 16. Qe2 Ra8 17. Rac1 Qb8 18. Nb5 axb4 19. axb4 h5 20. f3 Rd8 21. Rc6
Ne8 22. Rfc1 Ra4 23. Bd2 Ra2 24. Nf1 Kh7 25. Qc4 Ra8 26. Nc7 Nxc7 27. Rxc7 Ra7
28. Rc6 b5 29. Qc2 Nb6 30. Be3 Rb7 31. Bxb6 Rxb6 32. Kh1 Rb7 33. Rc7 Bh6 34.
Rxb7 Qxb7 35. Qc7 Rd7 36. Qxb7 Rxb7 37. Rc6 Ra7 38. Kg1 Ra1 39. Kf2 Ra2+ 40.
Kg3 Ra1 41. Kf2 Ra2+ 1/2-1/2

[Event "IV Open A"]
[Site "Omegna ITA"]
[Date "2016.08.07"]
[Round "4"]
[White "Tripodi, Enzo"]
[Black "Mattavelli, Italo"]
[WhiteElo "1896"]
[BlackElo "1784"]
[Result "1-0"]
[PlyCount "69"]
[EventDate "2016.08.05"]

1. e4 e6 2. d4 d5 3. Nd2 dxe4 4. Nxe4 Bd7 5. Nf3 Bc6 6. Bd3 Nd7 7. O-O Ngf6 8.
Nxf6+ Nxf6 9. c3 Be7 10. Re1 O-O 11. Bf4 b6 12. Ne5 Bb7 13. a4 c5 14. dxc5 Bxc5
15. Nf3 Qd5 16. Re5 Qd8 17. Bg5 h6 18. Bh4 Bd6 19. Re3 Bf4 20. Re1 Bd6 21. Bc2
Be7 22. Qxd8 Rfxd8 23. Nd4 Rd7 24. Bb3 Nd5 25. Bxe7 Rxe7 26. Rad1 Nf4 27. f3
Rd8 28. Nc6 Rxd1 29. Nxe7+ Kf8 30. Rxd1 Kxe7 31. Kf2 f6 32. Bc4 e5 33. Bb5 Bd5
34. g3 Nh3+ 35. Kg2 1-0

[Event "IV Open A"]
[Site "Omegna ITA"]
[Date "2016.08.07"]
[Round "4"]
[White "Vincenzi, Marco"]
[Black "Coppola, Federico"]
[WhiteElo "2149"]
[BlackElo "2005"]
[Result "0-1"]
[PlyCount "168"]
[EventDate "2016.08.05"]

1. d4 Nf6 2. c4 g6 3. Nc3 d5 4. cxd5 Nxd5 5. e4 Nxc3 6. bxc3 Bg7 7. Nf3 c5 8.
Rb1 cxd4 9. cxd4 Qa5+ 10. Bd2 Qxa2 11. Qc1 O-O 12. Bc4 Qa4 13. Bb5 Qa2 14. O-O
Qe6 15. Ng5 Qb6 16. Nxf7 Qxd4 17. Bc4 e6 18. Ng5 Qf6 19. Rb3 Nc6 20. Bc3 Qe7
21. Bxg7 Kxg7 22. Rh3 h5 23. Ra3 e5 24. Rb3 Nd4 25. Rb2 Rf4 26. Nf3 Be6 27.
Nxe5 Rxe4 28. Bxe6 Rxe5 29. Qc3 Rxe6 30. Qxd4+ Kh7 31. Qd5 Rb8 32. g3 b6 33.
Rd2 Re5 34. Qd4 Re4 35. Qd5 Rc8 36. Kg2 Re5 37. Qd4 Qb7+ 38. Kg1 Rce8 39. f3
R8e7 40. Rff2 b5 41. Qb4 Qb6 42. Kg2 a5 43. Qf4 b4 44. Qf8 Qe6 45. Qb8 b3 46.
Rd8 Qf7 47. Rf8 Qg7 48. f4 Re2 49. Rxe2 Rxe2+ 50. Kf3 Re7 51. Qd8 b2 52. Rh8+
Qxh8 53. Qxe7+ Qg7 54. Qe4 a4 55. Ke2 a3 56. Qb1 Qf7 57. Kd2 Qb3 58. f5 a2 59.
fxg6+ Kg7 60. Qe4 b1=Q 61. Qe7+ Kxg6 62. Qd6+ Kf7 63. Qd7+ Kf6 64. Qd8+ Ke5 65.
Qc7+ Kd4 66. Qg7+ Kc4 67. Qc7+ Kb4 68. Qe7+ Kc4 69. Qe6+ Kd4 70. Qf6+ Ke4 71.
Qf4+ Kd5 72. Qf7+ Ke5 73. Qg7+ Kf5 74. Qf8+ Kg6 75. Qd6+ Kg7 76. Qe5+ Kh6 77.
Qf4+ Kg6 78. Qd6+ Kh7 79. Qe7+ Kg8 80. Qe8+ Kg7 81. Qe5+ Kf8 82. Qd6+ Ke8 83.
Qc6+ Kd8 84. Qd6+ Kc8 0-1

[Event "IV Open A"]
[Site "Omegna ITA"]
[Date "2016.08.07"]
[Round "5"]
[White "Benenati, Gianfranco"]
[Black "Vecchione, Anna Pia"]
[WhiteElo "1817"]
[BlackElo "1840"]
[Result "0-1"]
[PlyCount "138"]
[EventDate "2016.08.05"]

1. e4 c5 2. Nf3 e6 3. d4 cxd4 4. Nxd4 a6 5. Be2 Qc7 6. Be3 Nf6 7. Nd2 Be7 8.
O-O O-O 9. f4 Bc5 10. Bf3 d6 11. Bf2 e5 12. Ne2 Ng4 13. Bxg4 Bxg4 14. f5 Bxe2
15. Qxe2 Bxf2+ 16. Qxf2 Qxc2 17. Rac1 Qd3 18. Rc3 Qd4 19. Re3 f6 20. Nb3 Qb6
21. Rd3 Qxf2+ 22. Rxf2 Rd8 23. Rfd2 Nc6 24. Rxd6 Nd4 25. Rxd8+ Rxd8 26. Nxd4
exd4 27. Kf2 g6 28. fxg6 hxg6 29. Ke2 Kf7 30. Kd3 Ke6 31. Rc2 Rd7 32. Rc4 Ke5
33. Rc5+ Ke6 34. h4 f5 35. exf5+ gxf5 36. h5 Rh7 37. Kxd4 Rxh5 38. Re5+ Kd6 39.
Re2 Rh4+ 40. Kd3 Kd5 41. b3 Rg4 42. Rf2 f4 43. a3 Ke5 44. Re2+ Kd5 45. Re7 Rg3+
46. Ke2 Rxg2+ 47. Kf3 Rg3+ 48. Kxf4 Rxb3 49. Re5+ Kc4 50. Re4+ Kb5 51. Re7 Ka4
52. Ke4 Kxa3 53. Kd4 a5 54. Kc4 Rb4+ 55. Kc3 b5 56. Re1 Rc4+ 57. Kd3 a4 58. Rb1
Rb4 59. Re1 Rb3+ 60. Kc2 Rb2+ 61. Kc3 b4+ 62. Kd3 Kb3 63. Re3 a3 64. Kd4+ Ka4
65. Kc4 Rc2+ 66. Kd4 a2 67. Re1 Kb3 68. Kd3 Kb2 69. Re4 b3 0-1

[Event "IV Open A"]
[Site "Omegna ITA"]
[Date "2016.08.07"]
[Round "5"]
[White "Brugo, Marco"]
[Black "Fattorelli, Luciano"]
[WhiteElo "2053"]
[BlackElo "1859"]
[Result "1/2-1/2"]
[PlyCount "42"]
[EventDate "2016.08.05"]

1. d4 Nf6 2. c4 g6 3. f3 Bg7 4. e4 d6 5. Ne2 Nbd7 6. Nbc3 e5 7. d5 a5 8. Bg5
Nc5 9. Nc1 O-O 10. Qd2 h5 11. h3 Qd7 12. g4 Kh7 13. N1e2 Ng8 14. gxh5 gxh5 15.
Ng3 f6 16. Be3 Qf7 17. h4 Bh6 18. Bh3 Bxh3 19. Rxh3 Bxe3 20. Qxe3 Nh6 21. O-O-O
Rg8 1/2-1/2

[Event "IV Open A"]
[Site "Omegna ITA"]
[Date "2016.08.07"]
[Round "5"]
[White "Coppola, Federico"]
[Black "Barletta, Mauro"]
[WhiteElo "2005"]
[BlackElo "2147"]
[Result "0-1"]
[PlyCount "72"]
[EventDate "2016.08.05"]

1. Nf3 e6 2. c4 f5 3. g3 Nf6 4. Bg2 Be7 5. O-O O-O 6. Nc3 d6 7. d4 Ne4 8. Qc2
Nxc3 9. Qxc3 a5 10. Qc2 Nc6 11. b3 e5 12. dxe5 dxe5 13. Rd1 Qe8 14. Bb2 Bf6 15.
a3 Be6 16. Rd2 Qh5 17. b4 f4 18. b5 Ne7 19. Qe4 Ng6 20. Qxb7 fxg3 21. hxg3 Rae8
22. Qxc7 e4 23. Bxf6 Rxf6 24. Rd8 Rxd8 25. Qxd8+ Nf8 26. Nd4 e3 27. Nf3 exf2+
28. Kxf2 Qc5+ 29. Kf1 Bxc4 30. Qd2 Ne6 31. Rd1 Qxb5 32. Rc1 h6 33. Qc2 Bd5 34.
Qc8+ Rf8 35. Qc3 Ng5 36. Kg1 Qxe2 0-1